Iskolákat zárhatnak be a Csallóközben

Bibliographic Details
Main Author: Szabó, Csilla (Author)
Format: Article
Language:Hungarian
ISSN:1335-7050
Subjects:

MARC

LEADER 00000nab a2200000 a 4500
001 vtls010530201
003 SK-MaSNL
005 20260318132727.0
008 130724c20130724xo d| 000 0|hun
015 |a SNBRB2013/07 
038 |a DSZK 
040 |a DSZK  |b slo  |c DSZK  |e AACR2 
041 0 |a hun 
044 |a xo  |c SK 
080 |a 373.3  |x (=511.141)  |x (437.612)  |2 2001 
100 1 |a Szabó, Csilla  |4 aut  |9 424544 
245 1 0 |a Iskolákat zárhatnak be a Csallóközben  |c Szabó Csilla 
650 0 7 |a základné školy s vyučovacím jazykom maďarským  |2 dszk  |9 87207 
651 7 |a Horná Potôň (Slovensko)  |2 SNKPH  |9 55617 
651 7 |a Baka (Slovensko)  |2 SNKPH  |9 92296 
773 0 |t Új szó  |g Évf. 66, sz. 170 (2013.7.24), o. 1  |x 1335-7050 
852 |a DSZK  |b KIS3GCP 
958 |a HU 
958 |a SK 
999 |c 2149043  |d 2150973